Paleontología, paleoecología y paleogeografía de los sedimentos marinos de los alrededores de Bahía Blanca /
El conocimiento de la existencia de sedimentos marinos cuaternarios en los alrededores de Bahía Blanca data aproximadamente del año 1827. A partir de entonces se han ocupado de ellos distintos autores, aunque principalmente lo han hecho desde el punto de vista paleontológico. Dado que la fauna con...
Guardado en:
| Autor Principal: | |
|---|---|
| Formato: | Libro |
| Idioma: | Spanish |
| Publicado: |
1983.
|
| Materias: | |
| Etiquetas: |
Agregar Etiqueta
Sin Etiquetas, Sea el primero en etiquetar este registro!
|
| LEADER | 02914nam a22002175a 4500 | ||
|---|---|---|---|
| 001 | EUN.eunm005921 | ||
| 005 | 20150626164612.0 | ||
| 008 | 041125s1983####ag#a#####bm###000#0#spa#d | ||
| 082 | 0 | 4 | |a 040 |
| 082 | 0 | 4 | |a 551.3 |
| 100 | 1 | |a Farinati, Ester A. |q (Ester Amanda) | |
| 245 | 1 | 0 | |a Paleontología, paleoecología y paleogeografía de los sedimentos marinos de los alrededores de Bahía Blanca / |c Ester A. Farinati. |
| 260 | |c 1983. | ||
| 300 | |a 79 h. : |b ilus. ; |c 32 cm. | ||
| 502 | |a Tesis--Universidad Nacional del Sur, 1984. | ||
| 504 | |a Incluye referencias bibliográficas. | ||
| 520 | |a El conocimiento de la existencia de sedimentos marinos cuaternarios en los alrededores de Bahía Blanca data aproximadamente del año 1827. A partir de entonces se han ocupado de ellos distintos autores, aunque principalmente lo han hecho desde el punto de vista paleontológico. Dado que la fauna contenida en estos depósitos consta de especies todas ellas vivientes, siempre resultó dificultoso establecer la correcta ubicación cronológica de los mismos, si bien, por lo general, se los atribuyó a la ingresión Querandinense del Holoceno. También durante esta etapa de los estudios se planteó el interrogante acerca del número de ingresiones cuaternarias presentes en los alrededores de Bahía Blanca. En la última década el estudio del Cuaternario argentino se ha visto renovado debido a nuevos enfoques estratigráficos y a la aplicación de nuevas metodologías como: los análisis paleoclimáticos, paleomagnéticos, palinológicos y particularmente, las dataciones radimétricas. Estas últimas se están aplicando con notable éxito en los estudios de los cordones deconchillas extendidos por el litoral argentino. Teniendo en cuenta lo expresado, se consideró oportuno realizar la investigación de los depósitos marinos cuaternarios existentes en los alrededores de Bahía Blanca, analizando su distribución regional, su composición paleontológica y litológica y la probable edad de su depositación. Además, se decidió poner especial énfasis en el análisis paleoecológico de las asociaciones faunísticas presentes. Si bien las mismas constituyen en su casi totalidad, asociaciones post-mortem, aún así pueden constituirse en un valioso elemento indicador del grado de energía actuante en la región en un determinado momento, de la salinidad de las aguas, tipos de fondo, etc. Al no disponer hasta el presente de un trabajo que reúna las distintas facetas del Cuaternario marino de Bahía Blanca en su extensión regional, el desarrollo de un plan de investigación que tienda a proporcionar dichos conocimientos, ha sido el objetivo principal de esta Tesis doctoral. | ||
| 653 | |a Sedimentos marinos | ||
| 653 | |a Bahia blanca | ||
| 859 | |a AR-BaUNS |b BIB. CENTRAL - Tesis |h 040 |i B148 1983-90 |k R |p 91017/984 | ||
| 859 | |a AR-BaUNS |b BIB. CENTRAL - Sector A - Tesis |h 040 |i B148 1983-90 |p 115593/005 | ||
